000 00371nam a2200145Ia 4500
008 230917s9999||||xx |||||||||||||| ||und||
040 _e101196
_aMAIN
041 _aEnglish
082 _a338.4791 B539E
100 _aBirundha, V Dhulasi
245 0 _aEnvironmental challenges towards tourism
260 _aNew Delhi
_bKanishka
_c2003
300 _a208 p.
942 _cBK
999 _c116932
_d116932